| 000 | 00366nam a2200109Ia 4500 | ||
|---|---|---|---|
| 008 | 230907s9999||||xx |||||||||||||| ||und|| | ||
| 082 |
_a658.26 _bBHA |
||
| 100 |
_aBhattacharjee, Kaushik _9115794 |
||
| 245 |
_aIndustrial energy management strategies: creating a culture of continuous improvement / _cBhattacharjee, Kaushik |
||
| 260 | _c2019-09-27 | ||
| 942 |
_2ddc _cEB |
||
| 999 |
_c599641 _d599641 |
||